| 000 | 00841nab a2200253 u 4500 | ||
|---|---|---|---|
| 001 | 16810 | ||
| 003 | HDC | ||
| 007 | cr bn ---aaaaa | ||
| 008 | 210222c20100322xx dr|noo 0 a eng d | ||
| 040 | _aHDC | ||
| 100 |
_aGould, Joe _eauthor _916496 |
||
| 245 | 0 |
_aKosher, halal MREs feed religious diversity / by _cJoe Gould |
|
| 260 |
_a[No place] : _b[publisher not identified], _c2010 |
||
| 336 |
_atext _2rdacontent |
||
| 337 |
_acomputer _2rdamedia |
||
| 338 |
_aonline resource _2rdacarrier |
||
| 650 |
_ahalal food _950 |
||
| 650 |
_aKosher and halal meals _916497 |
||
| 710 | _aArmyTimes.com | ||
| 856 | _zRequest full-text at [email protected] | ||
| 942 | _2lcc | ||
| 942 | _cNEWS | ||
| 942 | _kNWSO 005774 | ||
| 999 |
_c14126 _d14126 |
||